|
|
|
|
| LEADER |
01084nam a22002177a 4500 |
| 008 |
130906b xxu||||| |||| 00| 0 eng d |
| 999 |
|
|
|c 3203
|d 3203
|
| 020 |
|
|
|a 9788126429165
|
| 082 |
|
|
|a 823
|b ROY/PRI
|
| 100 |
|
|
|a റോയി, അരുന്ധതി.
|
| 240 |
|
|
|a Kunju karyangalude odeythampuran
|
| 245 |
|
|
|a കുഞ്ഞുകാര്യങ്ങളുടെ ഒടേതമ്പുരാന് /
|c വിവ പ്രിയ എ. സ്.
|
| 246 |
|
|
|a The God of small things
|
| 260 |
|
|
|a കോട്ടയം :
|c 2011.
|b ഡി.സി. ബുക്സ്,
|
| 300 |
|
|
|a 355p.
|
| 650 |
|
|
|a Novel
|
| 700 |
|
|
|a Roy, Arundhati.
|
| 700 |
|
|
|a Priya, A. S.
|e translator.
|
| 942 |
|
|
|2 ddc
|c BK
|
| 952 |
|
|
|0 0
|1 0
|2 ddc
|4 0
|6 823_000000000000000_ROYPRI
|7 0
|9 3896
|a MAIN
|b MAIN
|d 2013-09-06
|e D.C. Books, Kottayam
|g 225.00
|l 27
|m 7
|o 823 ROY/PRI
|p 4012
|q 2020-04-09
|r 2020-03-10
|s 2020-03-10
|w 2013-09-06
|y BK
|
| 952 |
|
|
|0 0
|1 0
|2 ddc
|4 0
|6 823_000000000000000_ROY_PRI
|7 0
|9 17581
|a MAIN
|b MAIN
|d 2015-09-26
|e Current Books (DC Books)
|g 225.00
|l 27
|m 10
|o 823 ROY/PRI
|p 17424
|r 2020-02-29
|s 2020-02-19
|t 2
|w 2015-09-26
|y BK
|